000
00322nam a22001337a 4500
008
181022b xxu||||| |||| 00| 0 eng d
020
_a
9780961820978
041
_a
eng
080
_2
4th
_a
371
100
_a
46
101
_a
EDU
245
_a
Assessment of Children Cognitive Appliactions
_c
Sattler,J.M
942
_2
udc
_c
BK
999
_c
50397
_d
50397